000 00685nam a22002057i 4500
999 _c23011
_d23011
003 AR-CdUCM
008 240823b20182018 ag||||| |||| 00| 0 spa d
020 _a978-987-45867-7-3
040 _aMUNICIPALIDAD PROVINCIAL DEL CUSCO
_cBIBLIOTECA MUNICIPAL DEL CUSCO
082 _a869.2 / R47V
_bR47V
100 _aReymúndez, Carolina
_950271
245 _aVerás cosas extraordinarias :
_bRelatos de viajes y recetas /
260 _aBuenos Aires :
_bPeriplo Ediciones
_c2018
300 _a96 páginas. :
_c23 cm
650 _aLiteratura Argentina
_984
650 _aRelatos cortos
_925312
700 _aFarina, Marcos [Dibujos]
_950272
942 _2ddc
_cLIBROS
945 _apbj
_d2024-08-23